Cidades Gêmeas da América do Sul - Statistics

Estatísticas Gerais
  • Esse quiz foi jogado 20 vezes
  • A pontuação média é 9 de 107
Respostas no mapa
Respostas codificadas por cores de uma escala verde-vermelha no mapa do quiz de acordo com a % correta abaixo.
 
Estatísticas das Respostas
Cidade Pop. % Correto
Chuí 6.438
73%
Foz do Iguaçu 286.323
67%
Ponta Porã 90.756
53%
Pedro Juan Caballero 122.190
40%
Rivera 64.465
40%
Santana do Livramento 83.764
40%
Uruguaiana 115.100
40%
Chuy 9.675
33%
Ciudad del Este 304.208
33%
Corumbá 94.874
33%
Salto 104.011
27%
Aceguá 4.156
20%
Acegua 1.511
20%
Barra do Quaraí 4.053
20%
Letícia 38.400
20%
Oiapoque 27.778
20%
Puerto Iguazu 41.062
20%
Tabatinga 66.837
20%
Barracão 9.886
13%
Dionísio Cerqueira 14.989
13%
Guaíra 31.971
13%
Itaqui 35.408
13%
Jaguarão 26.583
13%
Mundo Novo 18.738
13%
Pacaraima 19.317
13%
Quaraí 23.475
13%
Salto del Guaíra 39.846
13%
São Borja 58.757
13%
Artigas 40.657
7%
Bela Vista 23.594
7%
Bella Unión 12.201
7%
Bella Vista Norte 17.765
7%
Bernardo de Irigoyen 6.492
7%
Capitán Bado 19.035
7%
Coronel Sapucaia 13.228
7%
Encarnacion 136.308
7%
Guajará-Mirim 39.396
7%
Guayaramerin 35.803
7%
Monte Caseros 23.470
7%
Paranhos 12.926
7%
Paso de Los Libres 43.251
7%
Porto Mauá 2.143
7%
Porto Murtinho 12.625
7%
Posadas 305.874
7%
Puerto Carmelo Peralta 4.576
7%
Puerto Quijarro 11.071
7%
Rio Branco 14.604
7%
San Antonio 3.665
7%
Santo Antônio do Sudoeste 19.677
7%
Santo Tomé 23.299
7%
Ypejhú 8.935
7%
Aguas Blancas 2.395
0%
Alba Posse 486
0%
Alberdi 9.571
0%
Albina 5.247
0%
Alvear 6.732
0%
Arauca 87.100
0%
Arauquita 13.720
0%
Arica 204.078
0%
Assis Brasil 8.157
0%
Bermejo 29.564
0%
Boca de Grita 1.389
0%
Bolpebra ~1000
0%
Bonfim 16.169
0%
Brasiléia 25.786
0%
Clorinda 52.837
0%
Cobija 44.120
0%
Colchane 1.579
0%
Colón 23.150
0%
Concordia 149.450
0%
Copacabana 5.579
0%
Cúcuta 767.000
0%
Desaguadero (Bolívia) 4.065
0%
Desaguadero (Peru) 8.635
0%
Lethem 1.702
0%
El Amparo 5.965
0%
Epitaciolândia 18.697
0%
Formosa 222.226
0%
Huaquillas 47.706
0%
Iñapari 2.140
0%
Ipiales 77.200
0%
La Quiaca 16.874
0%
La Victoria de Apure 3.249
0%
La Yarada Los Palos 6.726
0%
Nanawa 6.014
0%
Nuevo Paysandú 8.578
0%
Pisiga ~400
0%
Porto Xavier 9.821
0%
Puerto Carreño 16.200
0%
Puerto Páez 2.962
0%
Puerto Santander 9.262
0%
Saint-Georges de L'Oyapock 4.303
0%
Saint-Laurent-du-Maroni 49.173
0%
Salvador Mazza 18.899
0%
San Antonio del Tachira 46.054
0%
San Javier 9.058
0%
Santa Elena de Uairén 14.807
0%
Tienditas ~2.000
0%
Tinicachi 605
0%
Tito Yupanqui 3.459
0%
Tulcan 53.558
0%
Ureña 50.006
0%
Villa del Rosario 110.600
0%
Villazon 35.337
0%
Yacuíba 61.844
0%
Yunguyo 11.946
0%
Zarumilla 42.400
0%
Nenhum quiz correspondente encontrado
Distribuição das Pontuações
Porcentagem de Pessoas com Cada Pontuação
Percentil de Números Respondidos
Sua Pontuação Histórica
Você não jogou esse quiz